La excursión al Cabildo /

José "Zamba" visita el Cabildo con sus compañeros. Se sienta en un sillón prohibido y activa una palanca que lo lleva a Francia, en 1810, momento en que se inicia el proceso de la Revolución de Mayo.

Guardado en:
Autor Principal: Saravia, Alejo
Autor Corporativo: Canal Encuentro.
Formato: Deslizar
Publicado: Argentina, 2010
Series:La Asombrosa Excursión de Zamba en el Cabildo
Materias:
Acceso en línea:https://www.educ.ar/recursos/50119/la-excursion-al-cabildo
Etiquetas: Agregar Etiqueta
Sin Etiquetas, Sea el primero en etiquetar este registro!
LEADER 01140ngm a22003015g 4500
001 CEM.cems023724
008 130507s2010##################0###0#####d
005 20250630134335.0
245 1 0 |a La excursión al Cabildo /  |c Alejo Saravia. 
260 |a Argentina,  |c 2010 
300 |a 20'. 
490 0 |a La Asombrosa Excursión de Zamba en el Cabildo 
538 |a Soporte: DVD - Color: Si - Grabación DRD 
500 |a Consultar en ventanilla. 
520 |a José "Zamba" visita el Cabildo con sus compañeros. Se sienta en un sillón prohibido y activa una palanca que lo lleva a Francia, en 1810, momento en que se inicia el proceso de la Revolución de Mayo. 
100 1 |a Saravia, Alejo 
710 2 |a Canal Encuentro. 
082 9 8 |/ SAR-2 
653 |a HISTORIA 
653 |a HISTORIA ARGENTINA 
653 |a CABILDO 
653 |a 25 DE MAYO DE 1810 
653 |a REVOLUCION DE MAYO 
653 |a INDEPENDENCIA 
653 |a INDEPENDENCIA AMERICANA 
653 |a CANAL ENCUENTRO 
856 |u https://www.educ.ar/recursos/50119/la-excursion-al-cabildo 
859 |a CEMS  |b BIB. CEMS - Depto. Recursos Didacticos  |h 982  |i SAR-2  |k DRD  |p 2367.15  |t Ej.1